| 000 | 01219nam0a2200325 4500 | ||
|---|---|---|---|
| 001 | RU\NLR\bibl\12754 | ||
| 005 | 20260406053044.0 | ||
| 010 |
_a5-7837-0115-7 _910000 |
||
| 021 |
_aRU _b98-30045 _91423 |
||
| 035 | _a(NLR Aleph) 000012435 | ||
| 090 |
_a46424 _c46424 |
||
| 100 | _a19990205d1998 |||y0rusy50 ca | ||
| 101 | 0 | _arus | |
| 102 | _aRU | ||
| 105 | _a||||||||||||| | ||
| 200 | 1 |
_aАртрит _fАнна Кучанская |
|
| 210 |
_aСПб. _cКомплект _d1998 |
||
| 215 |
_a83 с. _cил. _d20 |
||
| 225 | 1 | _aКурсы естеств. медицины | |
| 461 | 0 |
_12001#$aКурсы естественной медицины _tКурсы естественной медицины |
|
| 606 | 0 |
_aАртриты _jПопулярная литература _9976351 _3RU\NLR\auth\6648155 |
|
| 606 | 0 |
_aАртриты _jПопулярные издания _9976351 _3RU\NLR\auth\6648155 |
|
| 686 | _aР418.12я9 | ||
| 700 | 1 |
_4070 _8rus _7ca _aКучанская _bА. В. _gАнна Васильевна _3RU\NLR\auth\777895 _9117819 |
|
| 801 | 0 |
_aRU _bNLR _c19990205 _gPSBO |
|
| 801 | 1 |
_aRU _bNLR _c19990205 |
|
| 830 | _aавт.раскрыт по кн. | ||
| 852 |
_aNLR _j98-4/13477 |
||
| 942 | _cBOOK | ||
| 980 | _aNB | ||